| 000 | 01534cam a2200133 4500500 | ||
|---|---|---|---|
| 005 | 20260405000205.0 | ||
| 041 | _afre | ||
| 042 | _adc | ||
| 100 | 1 | 0 |
_aMuhlmann, Géraldine _eauthor |
| 245 | 0 | 0 | _aDu Journalisme en démocratie |
| 260 |
_bKlincksieck,
_c2017. |
||
| 520 | _aA quoi sert le journalisme en démocratie ? Que veut dire voir et faire voir le monde au présent ? Quel est le sens politique d'une telle activité ? Existe-t-il un journalisme « idéal », à l'aune duquel juger le journalisme « réel » ? Sur quelle base le critiquer, et pour lui indiquer quels chemins aujourd'hui ?Dans cet essai stimulant, le premier à soumettre le journalisme à un questionnement philosophique, Géraldine Muhlmann montre qu'une double tâche est assignée au journalisme : faire vivre du conflit et tisser du commun au sein de la communauté politique. C'est finalement l'énigme de la démocratie qu'elle explore : la coexistence de deux scènes, celle des actions et celle des représentants, la seconde offrant une issue symbolique aux conflits qui agitent la première. Une préface inédite met cet essai à l'épreuve des problèmes les plus aigus auxquels le journalisme est confronté aujourd'hui : le complotisme et les fake news ; la vitesse de l'information et son « séquençage » ; ou encore, le phénomène des « lanceurs d'alerte », dans ce qu'il a d'ancien et de nouveau. | ||
| 856 | 4 | 1 | _uhttps://shs.cairn.info/du-journalisme-en-democratie--9782252040904?lang=fr&redirect-ssocas=7080 |
| 999 |
_c2034567 _d2034567 |
||